| 000 | 00629nam a2200217Ia 4500 | ||
|---|---|---|---|
| 003 | OSt | ||
| 005 | 20230605125559.0 | ||
| 008 | 210423s2004 xx 000 0 und d | ||
| 020 | _a81-7629-285-0 | ||
| 040 | _cAL | ||
| 041 | _aeng | ||
| 082 | _a362.1 GOEH | ||
| 100 |
_aGOEL (S L) _9119628 |
||
| 245 |
_aPrimary health care management _bHealth care system and management 4 |
||
| 260 |
_aNew Delhi _bDeep and deep publication _c2004 |
||
| 300 |
_axxii, 289 _bHB |
||
| 365 |
_b880 _cINR |
||
| 650 |
_aSocial Welfare Problems & Services _9119629 |
||
| 906 | _acare ; health ; management ; Primary ; system | ||
| 942 |
_2ddc _cBK |
||
| 999 |
_c176645 _d176645 |
||